Libro

Memoria y vida

Guardado en:
Detalles Bibliográficos
Autor principal: Bergson, Henri
Formato: Libro
Idioma:español
Publicado: Barcelona : Altaya, c1997
Colección:Grandes Obras del Pensamiento ; v. 63
Materias:

MARC

LEADER 00000nam#a2200000#a#4500
001 002612
005 20160721142506.0
008 030404s1997####sp##################spa#d
020 |a 8448701828 
040 |a AR-beUNQ 
099 |a 03-B60 
100 1 |a Bergson, Henri 
245 0 2 |a Memoria y vida  |c Henri Bergson. 
260 |a Barcelona :  |b Altaya,  |c c1997 
300 |a 161 p 
490 0 |a Grandes Obras del Pensamiento ;  |v v. 63 
650 7 |a DURACION  |2 Spines 
650 7 |a INTUICION  |2 Spines 
650 7 |a MEMORIZACION  |2 Spines 
650 7 |a PSICOLOGIA DEL COMPORTAMIENTO  |2 Spines 
650 7 |a FILOSOFIA DE LA VIDA  |2 Spines 
929 |a COMPRA  |b Felipe Orlando  |d 10,00E  |e 20030224  |f patrimonio  |j 16479 
942 |c LIB  |n 0 
999 |c 5408  |d 80795